Maria Montessori lectures, (Record no. 43691)

MARC details
000 -LEADER
fixed length control field 01850cpcaa2200409 4500
001 - CONTROL NUMBER
control field mm 82060376
003 - CONTROL NUMBER IDENTIFIER
control field DLC
005 - DATE AND TIME OF LATEST TRANSACTION
control field 20260227111716.0
007 - PHYSICAL DESCRIPTION FIXED FIELD--GENERAL INFORMATION
fixed length control field cr |||||||||||
008 - FIXED-LENGTH DATA ELEMENTS--GENERAL INFORMATION
fixed length control field 820519|||||||||||| eng
010 ## - LIBRARY OF CONGRESS CONTROL NUMBER
LC control number mm 82060376
040 ## - CATALOGING SOURCE
Original cataloging agency DLC
Transcribing agency DLC
Description conventions dacs
Modifying agency DLC
072 #7 - SUBJECT CATEGORY CODE
Subject category code S
Source lcmd
100 1# - MAIN ENTRY--PERSONAL NAME
Personal name Montessori, Maria,
Dates associated with a name 1870-1952.
245 00 - TITLE STATEMENT
Title Maria Montessori lectures,
Inclusive dates 1913-1917.
300 ## - PHYSICAL DESCRIPTION
Extent 54
Type of unit items.
300 ## - PHYSICAL DESCRIPTION
Extent 2
Type of unit containers.
300 ## - PHYSICAL DESCRIPTION
Extent 1
Type of unit microfilm reel.
300 ## - PHYSICAL DESCRIPTION
Extent 0.8
Type of unit linear feet.
351 ## - ORGANIZATION AND ARRANGEMENT OF MATERIALS
Organization Organized by year of copyright and therein by registration number.
506 0# - RESTRICTIONS ON ACCESS NOTE
Terms governing access Open to research.
520 8# - SUMMARY, ETC.
Summary, etc. Lectures presented at training classes, 1913-1914, and at the Montessori Normal College, New York, N.Y., in 1916. Lectures translated from Italian into English and deposited for copyright in the Library of Congress.
530 ## - ADDITIONAL PHYSICAL FORM AVAILABLE NOTE
Additional physical form available note Microfilm edition available,
Order number no. 19,130.
533 ## - REPRODUCTION NOTE
Type of reproduction Microfilm produced from originals in the Manuscript Division.
Place of reproduction Washington, D.C. :
Agency responsible for reproduction Library of Congress Photoduplication Service,
Date of reproduction 1985.
545 0# - BIOGRAPHICAL OR HISTORICAL DATA
Biographical or historical data Physician and educator.
546 ## - LANGUAGE NOTE
Language note Collection material in English.
555 8# - CUMULATIVE INDEX/FINDING AIDS NOTE
Cumulative index/finding aids note Finding aid available in the Library of Congress Manuscript Reading Room and at
Uniform Resource Identifier <a href="http://hdl.loc.gov/loc.mss/eadmss.ms009333">http://hdl.loc.gov/loc.mss/eadmss.ms009333</a>
610 20 - SUBJECT ADDED ENTRY--CORPORATE NAME
Corporate name or jurisdiction name as entry element Montessori Normal College.
650 #0 - SUBJECT ADDED ENTRY--TOPICAL TERM
Topical term or geographic name entry element Education.
650 #0 - SUBJECT ADDED ENTRY--TOPICAL TERM
Topical term or geographic name entry element Montessori method of education.
656 #7 - INDEX TERM--OCCUPATION
Occupation Educators.
Source of term itoamc
656 #7 - INDEX TERM--OCCUPATION
Occupation Physicians.
Source of term itoamc
856 4# - ELECTRONIC LOCATION AND ACCESS
Materials specified Finding aid
Uniform Resource Identifier <a href="http://hdl.loc.gov/loc.mss/eadmss.ms009333">http://hdl.loc.gov/loc.mss/eadmss.ms009333</a>
856 4# - ELECTRONIC LOCATION AND ACCESS
Materials specified Finding aid (PDF)
Uniform Resource Identifier <a href="http://hdl.loc.gov/loc.mss/eadmss.ms009333.3">http://hdl.loc.gov/loc.mss/eadmss.ms009333.3</a>

No items available.

Powered by Koha